01057 a2200217 4500003000500000005001700005010001700022020002800039040000900067082001500076100002700091245005200118250001200170260003900182300003300221490003200254505037900286650003500665830004800700856009100748Nust20220802171527.0 a 2005042465 a0824759214 (alk. paper) cNust00a621.36,BOR1 aBorrelli, Nicholas F.,10aMicrooptics technology /cNicholas F. Borrelli. a2nd ed. aNew York :bMarcel Dekker,cc2005. aix, 526 p. :bill. ;c24 cm.1 aOptical engineering ; v. 93 aIntroduction (Page-1), Refractive Elements (Page-11), Gradient Index (Page-69), Diffractive Element Lenses (Page-129), Erect One To One Imaging (Page-165), Two Dimensional Arrays (Page-203), Gratings (Page- 257), Optical Isolators (Page-317), Photonic Crystals (Page-365), Femtosecond-Laser Interaction In Glasses (Page- 439), Negative Refractive Index Materials (Page-489). 0aTelecommunication Engineering. 0aOptical engineering (Marcel Dekker, Inc.) ;423Publisher descriptionuhttp://www.loc.gov/catdir/enhancements/fy0647/2005042465-d.html